25 biggest cities in the netherlands - Statistics

General Stats
  • This quiz has been taken 122 times
  • The average score is 17 of 25
Answer Stats
Hint Answer % Correct
862.965 Amsterdam
100%
581.750 Rotterdam
100%
537.833 Den haag
97%
352.866 Utrecht
96%
202.285 Groningen
92%
121.317 Maastricht
91%
231.642 Eindhoven
89%
143.373 Den Bosch
80%
150.354 Arnhem
79%
150.520 Breda
79%
154.352 Haarlem
79%
176.731 Nijmegen
78%
197.020 Tilburg
77%
207.904 Almere
76%
122.737 Zwolle
75%
157.533 Apeldoorn
71%
158.343 Enschede
66%
120.105 Leiden
65%
150.492 Amersfoort
61%
118.702 Dordrecht
55%
108.132 Emmen
39%
123.505 Zoetermeer
36%
110.253 Ede
31%
150.384 Zaanstad
22%
144.153 Haarlemmermeer
9%
No matching quizzes found
Score Distribution
Percent of People with Each Score
Percentile by Number Answered
Your Score History
You have not taken this quiz